Discurso leido en el solemne acto de apertura del curso académico de 1887 á 1888 en la Universidad de Zaragoza / (Record no. 165513)

MARC details
000 -LEADER
campo de control de longitud fija 00769nam a2200193 i 4500
001 - NÚMERO DE CONTROL
campo de control 165513
003 - IDENTIFICADOR DE NÚMERO DE CONTROL
campo de control ES-MaACL
005 - FECHA Y HORA DE LA ÚLTIMA TRANSACCIÓN
campo de control 20240208163317.0
008 - DATOS DE LONGITUD FIJA--INFORMACIÓN GENERAL
campo de control de longitud fija 970416s1887 sp |||| | spa d
040 ## - FUENTE DE CATALOGACIÓN
Centro catalogador/agencia de origen CYL
Lengua de catalogación spa
Centro/agencia transcriptor CYL
100 1# - ENTRADA PRINCIPAL--NOMBRE DE PERSONA
Nombre de persona Solano y Torres, Bruno.
9 (RLIN) 132797
245 10 - MENCIÓN DEL TÍTULO
Título Discurso leido en el solemne acto de apertura del curso académico de 1887 á 1888 en la Universidad de Zaragoza /
Mención de responsabilidad, etc. por Bruno Solano y Torres.
260 ## - PUBLICACIÓN, DISTRIBUCIÓN, ETC.
Lugar de publicación, distribución, etc. Zaragoza :
Nombre del editor, distribuidor, etc. [s.n],
Fecha de publicación, distribución, etc. 1887 (
Fabricante Imprenta de C. Ariño)
300 ## - DESCRIPCIÓN FÍSICA
Extensión 70 p. ;
Dimensiones 32 cm.
500 #1 - NOTA GENERAL
Nota general Tit. del discurso: La química en el espacio.
710 21 - ENTRADA AGREGADA--NOMBRE DE ENTIDAD CORPORATIVA
Nombre de entidad corporativa o nombre de jurisdicción como elemento de entrada Universidad de Zaragoza
9 (RLIN) 7352
852 ## - LOCALIZACIÓN
Ubicación ES-MaACL
Número de control de estantería T-448-F-10
Nota libre -- Enc. hol., falto de la enc. original
-- -- Enc. en un vol. facticio
Holdings
Estatus retirado Estado de pérdida Estado de daño No para préstamo Colección Biblioteca de origen Biblioteca actual Ubicación en estantería Fecha de adquisición Total de préstamos Signatura topográfica completa Código de barras Visto por última vez Precio de reemplazo Tipo de ítem Koha
        Colección de folletos Biblioteca del Ateneo de Madrid Biblioteca del Ateneo de Madrid Depósito folletos 17/01/2008   T-448-F-10 1173573 23/02/2023 23/02/2023 Folleto